000
00271nam a22001097a 4500
041
_a
ENG
245
_a
Earth-Moving Machinery- Defintions Of Dimensions And Symbols
260
_a
New Delhi
_b
BIS
_c
1993
300
_a
24
650
_a
BIS-Test Code
856
_u
BIS-Test Code
999
_c
1994
_d
1994